[Event "Finistere-chT 0102"]
[Site "Finistere"]
[Date "2002.03.02"]
[Round "5.15"]
[White "Plassart, Stephanie"]
[Black "Dronet, Gregory"]
[Result "0-1"]
[WhiteElo "1210"]
[BlackElo "1499"]
[PlyCount "108"]
[EventDate "2001.??.??"]
[EventType "team"]
[EventRounds "7"]
[EventCountry "FRA"]
[SourceTitle "EXT 2003"]
[Source "ChessBase"]
[SourceDate "2002.11.25"]
[SourceVersion "1"]
[SourceVersionDate "2002.11.25"]
[SourceQuality "1"]

1. e3 e5 2. Nf3 e4 3. Nd4 c5 4. Nf5 d5 5. Bb5+ Nc6 6. Ng3 Nf6 7. c4 d4 8. d3 dxe3 9. Nxe4 Nxe4 10. dxe4 exf2+ 11. Kxf2 Qh4+ 12. g3 Qf6+ 13. Bf4 g5 14. Qa4 Qxb2+ 15. Bd2 Qd4+ 16. Kf1 Bh3+ 17. Ke1 Qxe4+ 18. Kd1 Qxh1+ 19. Kc2 Bf5+ 20. Kb2 Bg7+ 21. Nc3 Bxc3+ 22. Bxc3 Qxh2+ 23. Ka3 0-0 24. Bxc6 Bc2 25. Qb5 bxc6 26. Qxc5 Qxg3 27. Kb2 Qg2 28. Qd4 Rab8+ 29. Ka3 f6 30. Re1 Bb1 31. Bb2 Rxb2 32. Qxb2 Qxb2+ 33. Kxb2 Bxa2 34. Kxa2 h5 35. Re6 g4 36. Rxc6 g3 37. Rd6 h4 38. Rd4 f5 39. Rxh4 Rf7 40. Rh1 f4 41. Rg1 Kh7 42. c5 Kh6 43. c6 Kg5 44. Rc1 Rc7 45. Rc5+ Kg4 46. Rc2 f3 47. Rc4+ Kh3 48. Rf4 f2 49. Rf3 Kg2 50. Rxg3+ Kxg3 51. Kb3 f1Q 52. Kb4 Rxc6 53. Ka5 Rb6 54. Ka4 Qa6# 0-1

[Event "Finistere-chT 0102"]
[Site "Finistere"]
[Date "2001.10.20"]
[Round "1.18"]
[White "Coriou, Severine"]
[Black "Dronet, Gregory"]
[Result "0-1"]
[WhiteElo "1090"]
[BlackElo "1499"]
[PlyCount "60"]
[EventDate "2001.??.??"]
[EventType "team"]
[EventRounds "7"]
[EventCountry "FRA"]
[SourceTitle "EXT 2003"]
[Source "ChessBase"]
[SourceDate "2002.11.25"]
[SourceVersion "1"]
[SourceVersionDate "2002.11.25"]
[SourceQuality "1"]

1. e4 c5 2. Nc3 e6 3. Nf3 Nc6 4. e5 f6 5. Bb5 Be7 6. exf6 Nxf6 7. d3 a6 8. Bxc6 bxc6 9. Bg5 0-0 10. Bh4 Nd5 11. Ne4 Bxh4 12. 0-0 Be7 13. Qd2 h6 14. c4 Nf4 15. Ng3 Bg5 16. Qe3 Nh3+ 17. gxh3 Bxe3 18. fxe3 d5 19. d4 cxd4 20. exd4 Qb6 21. c5 Qxb2 22. a4 Rxf3 23. Rae1 Qxd4+ 24. Kh1 Rxf1+ 25. Rxf1 e5 26. Ne2 Qe4+ 27. Kg1 Qxe2 28. Rf5 Bxf5 29. h4 Bh3 30. h5 Qg2# 0-1